000 00648nam a2200241Ia 4500
005 20260429111942.0
008 260429s9999||||xx |||||||||||||| ||und||
020 _a9789357054119
041 _aEnglish
082 _a005.453
_bAHO
100 _aAho, Alfred V.
245 0 _aCompilers :
_bprinciples, techniques, and tools /
_cAlfred V. Aho
250 _a2nd ed.
260 _aIndia :
_bPearson,
_c2023.
300 _axviii, 965 p.; pbk
650 _a Compilers
650 _a Computer programming
650 _aComputer science
700 _a Lam, Monica S.
700 _a Sethi, Ravi
700 _a Ullman, Jeffrey D.
942 _cTB
999 _c51584
_d51584